| 000 | 00818naa a22002057i 4500 | ||
|---|---|---|---|
| 003 | KOSZ 005 | ||
| 005 | 20180129102112.0 | ||
| 008 | 160308s2002 pl ||||| ||||1|| 0 pol | ||
| 035 | _aPBN-R:248948 | ||
| 040 |
_cKOSZ 005/md _aPBN-ID |
||
| 041 | 0 | _apol | |
| 080 | _a536.7 | ||
| 100 |
_aDUTKOWSKI, Krzysztof. _d1996 - . _bPolitechnika Koszalińska - Wydział Mechaniczny, _cKatedra Techniki Cieplnej i Chłodnictwa |
||
| 245 | 1 | 0 |
_aAnaliza wymiany ciepła do powietrza w pionowej szczelinie o zmiennej szerokości / _cKrzysztof Dutkowski. |
| 260 | _c2002. | ||
| 655 | 0 | _aMateriały konferencyjne. | |
| 773 | 0 | 8 |
_iW : _tMateriały konferencyjne XVIII Zjazdu Termodynamików. - _dMuszyna : 2002. - _kKonferencje; z. 22 |
| 711 |
_aZjazd Termodynamików _n(18 ; _d2002 ; _cMuszyna, Polska). |
||
| 942 |
_cROZ _2UKD |
||
| 999 |
_c8324 _d8324 |
||